<?xml version="1.0" encoding="UTF-8"?><?xml-stylesheet type="text/xsl" href="static/style.xsl"?><OAI-PMH xmlns="http://www.openarchives.org/OAI/2.0/" xmlns:xsi="http://www.w3.org/2001/XMLSchema-instance" xsi:schemaLocation="http://www.openarchives.org/OAI/2.0/ http://www.openarchives.org/OAI/2.0/OAI-PMH.xsd"><responseDate>2026-04-13T00:04:35Z</responseDate><request verb="GetRecord" identifier="oai:www.recercat.cat:2117/395809" metadataPrefix="marc">https://recercat.cat/oai/request</request><GetRecord><record><header><identifier>oai:recercat.cat:2117/395809</identifier><datestamp>2025-07-23T04:36:25Z</datestamp><setSpec>com_2072_1033</setSpec><setSpec>col_2072_452951</setSpec></header><metadata><record xmlns="http://www.loc.gov/MARC21/slim" xmlns:dcterms="http://purl.org/dc/terms/" xmlns:xsi="http://www.w3.org/2001/XMLSchema-instance" xmlns:doc="http://www.lyncode.com/xoai" xsi:schemaLocation="http://www.loc.gov/MARC21/slim http://www.loc.gov/standards/marcxml/schema/MARC21slim.xsd">
   <leader>00925njm 22002777a 4500</leader>
   <datafield ind2=" " ind1=" " tag="042">
      <subfield code="a">dc</subfield>
   </datafield>
   <datafield ind2=" " ind1=" " tag="720">
      <subfield code="a">Steen, Laurélie Belinda Emeline</subfield>
      <subfield code="e">author</subfield>
   </datafield>
   <datafield ind2=" " ind1=" " tag="260">
      <subfield code="c">2023-10-04</subfield>
   </datafield>
   <datafield ind2=" " ind1=" " tag="520">
      <subfield code="a">Mi proyecto de fin de carrera se orientó paso a paso a hablar de fronteras y paisajes. El encuentro de estas dos nociones  tiene una relación compleja y ambivalente.  Esta concepción de frontera me interesa particularmente, no solo porque es una excelente imagen de la heterogeneidad contemporánea, sino también porque tiene muchos vínculos con el tema del paisaje, que es precisamente el que nos une a todos aquí hoy.&#xd;
Se trata de un proyecto de rehabilitación del Mas Cerdà. Tiene como objetivo revitalizar un solar histórico abandonado en la zona transfronteriza entre Puigcerdà, en España, y Bourg-Madame, en Francia.&#xd;
La intención es de crear un lugar de encuentro único, donde los visitantes puedan descubrir, apreciar, ver la riqueza del patrimonio local.&#xd;
El concepto de rehabilitación de Mas Cerdà se basa en tres conceptos: la integración en su entorno natural, la creación de espacios de encuentro, y la puesta en valor del patrimonio.</subfield>
   </datafield>
   <datafield tag="653" ind2=" " ind1=" ">
      <subfield code="a">Àrees temàtiques de la UPC::Arquitectura::Restauració arquitectònica</subfield>
   </datafield>
   <datafield tag="653" ind2=" " ind1=" ">
      <subfield code="a">Àrees temàtiques de la UPC::Arquitectura::Tipologies d'edificis</subfield>
   </datafield>
   <datafield tag="653" ind2=" " ind1=" ">
      <subfield code="a">Àrees temàtiques de la UPC::Urbanisme::Arquitectura del paisatge</subfield>
   </datafield>
   <datafield tag="653" ind2=" " ind1=" ">
      <subfield code="a">Farmhouses -- Conservation and restoration -- Spain -- Puigcerdá</subfield>
   </datafield>
   <datafield tag="653" ind2=" " ind1=" ">
      <subfield code="a">Landscape architecture -- Spain -- Puigcerdá</subfield>
   </datafield>
   <datafield tag="653" ind2=" " ind1=" ">
      <subfield code="a">Visitors’ centers -- Spain -- Puigcerdá</subfield>
   </datafield>
   <datafield tag="653" ind2=" " ind1=" ">
      <subfield code="a">Agricultural colleges -- Spain -- Puigcerdá</subfield>
   </datafield>
   <datafield tag="653" ind2=" " ind1=" ">
      <subfield code="a">Rehabilitación</subfield>
   </datafield>
   <datafield tag="653" ind2=" " ind1=" ">
      <subfield code="a">Paisaje</subfield>
   </datafield>
   <datafield tag="653" ind2=" " ind1=" ">
      <subfield code="a">Frontera</subfield>
   </datafield>
   <datafield tag="653" ind2=" " ind1=" ">
      <subfield code="a">Masos, masies, etc. -- Conservació i restauració -- Catalunya -- Puigcerdà</subfield>
   </datafield>
   <datafield tag="653" ind2=" " ind1=" ">
      <subfield code="a">Arquitectura del paisatge -- Catalunya -- Puigcerdà</subfield>
   </datafield>
   <datafield tag="653" ind2=" " ind1=" ">
      <subfield code="a">Centres d'interpretació -- Catalunya -- Puigcerdà</subfield>
   </datafield>
   <datafield tag="653" ind2=" " ind1=" ">
      <subfield code="a">Escoles d'agronomia -- Catalunya -- Puigcerdà</subfield>
   </datafield>
   <datafield ind2="0" ind1="0" tag="245">
      <subfield code="a">Resiliencia urbana en Puigcerdà: centro agrario: descubrir, investigar , convivir</subfield>
   </datafield>
</record></metadata></record></GetRecord></OAI-PMH>